| 000 | 00672nam a2200265Ia 4500 | ||
|---|---|---|---|
| 005 | 20250425162740.0 | ||
| 008 | 250425s9999 xx 000 0 und d | ||
| 020 | _a8432078646 | ||
| 041 | _aspa | ||
| 043 | _asp | ||
| 082 | _a621 | ||
| 100 | _aHANSON, DIRK | ||
| 245 | 0 | _aLOS NUEVOS ALQUIMISTAS SILICON VALLEY Y LA REVOLUCION MICROELECTRONICA | |
| 250 | _a1A ED. | ||
| 260 | _aBARCELONA | ||
| 260 |
_aEspaña _bPLANETA _c1984 |
||
| 300 | _a291 | ||
| 500 | _aTítulo Traducido: THE NEW ALCHEMISTS | ||
| 650 | _aMICROELECTRONICA | ||
| 650 | _aREVOLUCION | ||
| 700 |
_aPALOMA VILLEGAS _etraductor |
||
| 710 | _aPLANETA | ||
| 942 | _c01 | ||
| 010 | _a104644 | ||
| 999 |
_c235631 _d235631 |
||